00278nam a22000977a 4500008004100000082001700041100000800058245007400066260002100140300001900161230629b xxu||||| |||| 00| 0 eng d a333.767bOKI cUON aNatural Resources and the Development of Lake Victoria Basin of Kenya aKenyabGOKc1979 avarious paging